000 00936cab a2200301 4500
001 ABS47715
008 090401t xxu||||| |||| 00| 0 eng d
035 _a(Sirsi) u63208
041 _aeng
100 _aEvans, A.
245 _aLeisure developments of French chateaux
350 _a0
490 _aJournal of Property Finance
_v3(3) Winter 92/93, 356-362(7)
520 _aThe current low purchase price of French chateaux may be a good opportunity for UK property developers. Reviews the demand for leisure in France and provides some costings for conversions.
650 _aCHATEAUX
650 _aCONVERSION
650 _aFRANCE
650 _aGOLF COURSES
650 _aHOTEL
650 _aLEISURE DEVELOPMENT
650 _aSELF CATERING ACCOMMODATION
690 _aLEISURE AND RECREATION
690 _aOVERSEAS-EUROPE
700 _aPullan, J.
700 _aPitchforth, S.
942 _n0
948 _c04/03/1997
999 _c39301
_d39301